000 nam a22 a 4500
999 _c4617
_d4617
005 20170607092940.0
008 170607s2014 enk||||| |||| 00| 0 eng d
020 _a9780199687855
_cRM 261.40
040 _aAKMAL
082 _a338.5 AGR
090 _a338.5
_bAGR
100 1 _aAndersen, Torben Juul,
_98893
245 1 0 _aManaging risk and opportunity :
_b the governance of strategic risk-taking /
_c Torben Juul Andersen, Maxine Garvey, Oliviero Roggi.
264 1 _aOxford :
_b Oxford University Press,
_c 2014.
_c©2014
300 _axii, 187 pages :
_b illustrations ;
_c23cm
500 _a Formerly CIP. |5 Uk
504 _a Includes bibliographical references (pages 177-183) and index.
650 0 _aRisk management.
_91107
700 1 _aGarvey, Maxine L.,
_e author.
_98894
700 1 _aRoggi, Oliviero,
_e author.
_98895
942 _2ddc
_cBOOK